| 000 | 01352nam a2200373 i 4500 | ||
|---|---|---|---|
| 001 | 200463417 | ||
| 003 | TR-AnTOB | ||
| 005 | 20250121094732.0 | ||
| 007 | ta | ||
| 008 | 250121t20242024tu b 000 0 tur d | ||
| 020 |
_a9786050518481 _q(hardback) |
||
| 035 | _a(TR-AnTOB)200463417 | ||
| 040 |
_aTR-AnTOB _beng _erda _cTR-AnTOB |
||
| 041 | 0 | _atur | |
| 050 | 4 |
_aKKX3531.A31953 _bB3535 2024 |
|
| 090 |
_aKKX3531.A31953 _bB3535 2024 |
||
| 100 | 1 |
_aBalcı, Mustafa, _d1979- _eauthor _9139064 |
|
| 245 | 1 | 0 |
_a6183 sayılı kanun kapsamında teminat isteme ve ihtiyati haciz uygulamalarında yaşanan hukuki sorunlar ile çözüm önerileri / _cMustafa Balcı. |
| 246 | 1 | 0 | _aTeminat isteme ve ihtiyati haciz uygulamalarında yaşanan hukuki sorunlar ile çözüm önerileri |
| 250 | _aGüncellenmiş 3. baskı. | ||
| 264 | 1 |
_aAnkara : _bYetkin Yayınları, _c2024. |
|
| 264 | 4 | _c©2024 | |
| 300 |
_a411 pages ; _c24 cm |
||
| 336 |
_atext _btxt _2rdacontent |
||
| 337 |
_aunmediated _bn _2rdamedia |
||
| 338 |
_avolume _bnc _2rdacarrier |
||
| 504 | _aBIB | ||
| 610 | 1 | 0 |
_aTurkey. _tAmme Alacaklarının Tahsil Usulü Hakkında Kanun _9132981 |
| 650 | 0 |
_aBorçlar, Kamu _xHukuk ve mevzuat _zTürkiye _991124 |
|
| 650 | 0 |
_aTeminat _zTürkiye _958037 |
|
| 650 | 0 |
_aHaciz ve tebligat _zTürkiye _9121919 |
|
| 942 |
_2lcc _cBK |
||
| 999 |
_c200463417 _d81629 |
||